|
|
|
|
| LEADER |
00000caa a22000002c 4500 |
| 001 |
1860028969 |
| 003 |
DE-627 |
| 005 |
20230928165721.0 |
| 007 |
tu |
| 008 |
230920s2023 xx ||||| 00| ||ger c |
| 035 |
|
|
|a (DE-627)1860028969
|
| 035 |
|
|
|a (DE-599)KXP1860028969
|
| 040 |
|
|
|a DE-627
|b ger
|c DE-627
|e rda
|
| 041 |
|
|
|a ger
|
| 084 |
|
|
|a 1
|2 ssgn
|
| 100 |
1 |
|
|e VerfasserIn
|0 (DE-588)1028661851
|0 (DE-627)732051576
|0 (DE-576)186983530
|4 aut
|a Barnbrock, Christoph
|d 1975-
|
| 109 |
|
|
|a Barnbrock, Christoph 1975-
|a Barnbrock, Christoph P. 1975-
|
| 245 |
1 |
0 |
|a Kennzeichen einer guten Predigt
|
| 264 |
|
1 |
|c 2023
|
| 336 |
|
|
|a Text
|b txt
|2 rdacontent
|
| 337 |
|
|
|a ohne Hilfsmittel zu benutzen
|b n
|2 rdamedia
|
| 338 |
|
|
|a Band
|b nc
|2 rdacarrier
|
| 601 |
|
|
|a Kennzeichen
|
| 601 |
|
|
|a Predigt
|
| 652 |
|
|
|a RE
|
| 773 |
0 |
8 |
|i Enthalten in
|t Lutherische Theologie und Kirche
|d Göttingen : Ed. Ruprecht, 1977
|g 47(2023), 2, Seite 121-142
|w (DE-627)12988989X
|w (DE-600)302496-9
|w (DE-576)015197956
|x 0170-3846
|7 nnas
|
| 773 |
1 |
8 |
|g volume:47
|g year:2023
|g number:2
|g pages:121-142
|
| 935 |
|
|
|a mteo
|
| 951 |
|
|
|a AR
|
| ELC |
|
|
|b 1
|
| ITA |
|
|
|a 1
|t 1
|
| LOK |
|
|
|0 000 xxxxxcx a22 zn 4500
|
| LOK |
|
|
|0 001 4377940600
|
| LOK |
|
|
|0 003 DE-627
|
| LOK |
|
|
|0 004 1860028969
|
| LOK |
|
|
|0 005 20230928165721
|
| LOK |
|
|
|0 008 230920||||||||||||||||ger|||||||
|
| LOK |
|
|
|0 035
|a (DE-Tue135)12988989X_47_2023_2_121
|
| LOK |
|
|
|0 040
|a DE-Tue135
|c DE-627
|d DE-Tue135
|
| LOK |
|
|
|0 092
|o n
|
| LOK |
|
|
|0 852
|a DE-Tue135
|
| LOK |
|
|
|0 852 1
|9 00
|
| LOK |
|
|
|0 935
|a imwa
|a ixzs
|
| LOK |
|
|
|0 936ln
|0 1442053135
|a RE
|
| LOK |
|
|
|0 939
|a 20-09-23
|b l01
|
| ORI |
|
|
|a SA-MARC-ixtheoa001.raw
|